000 01077nam0a22002651 4500
001 rc\2624781
005 20250623143358.0
035 _a(NLR Aleph) 006788371
090 _a6117648
_c6117648
100 _a20110914d1931 |||y0rusy50 ca
101 0 _arus
102 _aRU
105 _aa z |||||
200 1 _aОрганизация конской случной кампании в социалистическом секторе сельского хозяйства...
_fБ. Попов, А. Обухов
210 _a[Москва]
_cСельколхозгиз - Огиз
_d1931
_gтип. "Образцовая"
215 _a62 с., 1 с. объявл.
_cил.
_d21х15 см.
300 _aНа обл.: Б. Н. Попов, А. В. Обухов
700 1 _aПопов
_bБ. Н.
_cканд. с.-х. наук, коневодство
_gБорис Николаевич
_9233065
_3RU\NLR\AUTH\770233121
701 1 _aОбухов
_bА.В.
801 0 _aRU
_bNLR
_gpsbo
801 1 _aRU
_bELAR
_2rusmarc
852 _aNLR
_j32-10/279
942 _cBOOK
980 _aNB